Central Library OPAC University of Rajshahi

Locke on war and peace / (Record no. 35863)

MARC details
000 -LEADER
fixed length control field 00808nam a22002771 4500
001 - CONTROL NUMBER
control field 35863
003 - CONTROL NUMBER IDENTIFIER
rucl marc code BD-RjUL
005 - DATE AND TIME OF LATEST TRANSACTION
control field 20211209052407.0
008 - FIXED-LENGTH DATA ELEMENTS--GENERAL INFORMATION
fixed length control field 140610s1960 enk b 001 0 eng
035 ## - SYSTEM CONTROL NUMBER
System control number (BD-RjUL)35959
System control number (OCoLC)236253
040 ## - CATALOGING SOURCE
Original cataloging agency DLC
Transcribing agency OClW
Modifying agency BD-RjUL
Language of cataloging eng
041 ## - LANGUAGE CODE
Language code of text/sound track or separate title eng
082 ## - DEWEY DECIMAL CLASSIFICATION NUMBER
Classification number 327.101
Author mark and year COL 1960
100 1# - MAIN ENTRY--PERSONAL NAME
Personal name Cox, Richard Howard
Dates associated with a name 1925-
9 (RLIN) 109224
245 10 - TITLE STATEMENT
Title Locke on war and peace /
Statement of responsibility, etc. Richard Howard Cox
260 ## - PUBLICATION, DISTRIBUTION, ETC. (IMPRINT)
Place of publication, distribution, etc. Oxford :
Name of publisher, distributor, etc. Clarendon Press,
Date of publication, distribution, etc. c1960.
300 ## - PHYSICAL DESCRIPTION
Pagination xviii, 220 p. ;
Size 22 cm.
504 ## - BIBLIOGRAPHY, ETC. NOTE
Bibliography, etc Includes Bibliography and index.
600 10 - SUBJECT ADDED ENTRY--PERSONAL NAME
Personal name Locke, John
Dates associated with a name 1632-1704.
650 #0 - SUBJECT ADDED ENTRY--TOPICAL TERM
Topical term or geographic name as entry element International relations.
9 (RLIN) 109226
Topical term or geographic name as entry element Power (Social sciences)
9 (RLIN) 109227
942 ## - ADDED ENTRY ELEMENTS (KOHA)
Source of classification or shelving scheme Dewey Decimal Classification
Koha item type Books
Holdings
Lost status Source of classification or shelving scheme Damaged status Not for loan Collection code Permanent Location Current Location Shelving location Date acquired Source of acquisition Cost, normal purchase price Total Checkouts Full call number Date last seen Copy number Koha item type
  Dewey Decimal Classification   Not For Loan Non-fiction Central Library, University of Rajshahi Central Library, University of Rajshahi Reading Room 11/05/1967 University Book Agency 28.50   327.101 COL 1960 10/06/2014 C-1 Books
  Dewey Decimal Classification     Non-fiction Central Library, University of Rajshahi Central Library, University of Rajshahi   26/09/1970 sweets & zeithinger 0.00   327.101 COL 1960 10/06/2014 C-2 Books